Normal view
MARC view
Entry Personal Name
001 - CONTROL NUMBER
- control field: 307744
003 - CONTROL NUMBER IDENTIFIER
- control field: DLC
005 - DATE AND TIME OF LATEST TRANSACTION
- control field: 20241015130559.0
008 - FIXED-LENGTH DATA ELEMENTS
- fixed length control field: 160113n| azannabbn |n aaa
010 ## - LIBRARY OF CONGRESS CONTROL NUMBER
- LC control number: n 2016002170
040 ## - CATALOGING SOURCE
- Original cataloging agency: DLC
- Language of cataloging: eng
- Transcribing agency: DLC
- Description conventions: rda
- Modifying agency: MY-SjTCS
100 1# - HEADING--PERSONAL NAME
- Personal name: Glenn, Máirín
374 ## - OCCUPATION
- Occupation: Educational consultants
- Source of term: lcsh
375 ## - GENDER
- Gender: female
377 ## - ASSOCIATED LANGUAGE
- Language code: eng
670 ## - SOURCE DATA FOUND
- Source citation: Introduction to critical reflection and action for teacher researchers, 2016:
- Information found: ECIP t.p. (Máirín Glenn)